000
00329nam a2200145Ia 4500
008
230917s9999||||xx |||||||||||||| ||und||
040
_e
140715
_a
MAIN
041
_a
English
082
_a
346.03 R186A
100
_a
Rattan lal
245
0
_a
Apkritya vidhi
250
_a
25th ed.
260
_a
Delhi
_b
Wadhwa
_c
973
942
_c
BK
999
_c
146407
_d
146407